[Event "Tourn. n9597"]
[Site "www.chess-mail.com"]
[Date "2018.01.10"]
[Round "1"]
[White "Jesmantiz"]
[Black "Apdash"]
[WhiteElo "2260"]
[BlackElo "2270"]
[Result "0-1"]
[Round "1"]
1.d4 d5
2.e3 Ng8f6
3.Bf1d3 Nb8c6
4.f4 Nc6b4
5.Bd3e2 c5
6.a3 Nb4c6
7.dxc5 Qd8a5
8.Nb1c3 Qa5xc5
9.Qd1d3 e5
10.b4 Qc5d6
11.fxe5 Nc6xe5
12.Qd3b5 Ne5c6
13.Bc1b2 a6
14.Qb5b6 Bf8e7
15.Nc3a4 O-O
16.O-O-O Nf6e4
17.c4 Be7d8
18.Rd1xd5 Bd8xb6
19.Na4xb6 Qd6h6
20.Nb6xa8 Qh6xe3
21.Kb1 Ne4f2
22.Bb2c1 Qe3b3
23.Bc1b2 Bc8e6
24.Rd5g5 g6
25.Rg5g3 Qb3xg3
26.hxg3 Nf2xh1
27.Na8c7 Nh1xg3
28.Nc7xe6 fxe6
29.Be2f3 Ng3f5
30.Ng1e2 Nf5h4
31.Ne2d4 Nh4xf3
32.Nd4xf3 Rf8f4
33.c5 Rf4g4
34.Nf3e1 Rg4f4
35.Kc2 Rf4f2
36.Kb3 Rf2e2
37.Bb2c3 e5
38.a4 Nc6d4
39.Bc3xd4 Re2xe1
40.Bd4c3 Re1e2
41.g4 Kf7
42.b5 Ke6
43.c6 bxc6
44.bxa6 Re2f2
45.a7 Rf2f8
46.Bc3a5 Rf8a8
47.Ba5b6 h5
48.gxh5 gxh5
49.Kc4 h4
50.Bb6f2 h3
51.Bf2g1 h2
52.Bg1xh2 Ra8xa7
53.Kb4 Kd5
54.Bh2g1 Ra7g7
55.Bg1e3 Rg7b7
56.Ka5 c5
57.Ka6 Rb7b3
58.Be3d2 Rb3d3
59.Bd2e1 c4
60.a5 c3
61.Be1h4 c2
62.Bh4g5 e4
63.Bg5c1 e3
64.Kb7 e2
 { time }
0-1

[Event "Tourn. n9651"]
[Site "www.chess-mail.com"]
[Date "2018.01.10"]
[Round "1"]
[White "Pariolinius"]
[Black "Cal"]
[WhiteElo "1670"]
[BlackElo "1610"]
[Result "1-0"]
[Round "1"]
1.c4 c5
2.Ng1f3 Nb8c6
3.g3 h6
4.Bf1g2 e5
5.e4 Ng8f6
6.d3 Bf8e7
7.Nb1c3 a6
8.a3 O-O
9.O-O b6
10.b3 Bc8b7
11.Bc1b2 Nf6g4
12.Nc3d5 Nc6d4
13.Nf3xd4 cxd4
14.Qd1xg4 Bb7xd5
15.cxd5 d6
16.Bb2c1 Kh8
17.Bc1d2 a5
18.f4 exf4
19.Bd2xf4 Qd8c7
20.Ra1c1 Qc7d8
21.e5 f5
22.exf6 Be7xf6
23.Bg2e4 Qd8e7
24.Qg4g6 { resign }
1-0

[Event "Tourn. n9615"]
[Site "www.chess-mail.com"]
[Date "2018.01.10"]
[Round "1"]
[White "Comrade"]
[Black "Pdebonis"]
[WhiteElo "2340"]
[BlackElo "2700"]
[Result "0-1"]
[Round "1"]
1.c4 e5
2.Nb1c3 Ng8f6
3.d3 Bf8b4
4.Bc1d2 O-O
5.g3 d5
6.cxd5 Bb4xc3
7.bxc3 Qd8xd5
8.Ng1f3 e4
9.c4 Qd5h5
10.Nf3g5 exd3
11.exd3 Rf8e8
12.Bf1e2 Bc8g4
13.Bd2e3 Re8xe3
14.fxe3 Qh5xg5
15.Qd1d2 Nb8d7
16.h4 Qg5e5
17.Kf2 Nd7c5
18.Rh1g1 Nc5e4
19.dxe4 Nf6xe4
{ resign }
0-1

[Event "Match"]
[Site "www.echecsemail.com"]
[Date "2018.01.10"]
[Round "1"]
[White "Mystakerchon"]
[Black "Bjonil60"]
[WhiteElo "1389"]
[BlackElo "1470"]
[Result "0-1"]
[Round "1"]
1.d4 d5
2.Ng1f3 e6
3.b3 Qd8e7
4.Bc1a3 Nb8c6
5.Ba3xe7 Bf8xe7
6.Nb1c3 Ng8f6
7.e3 O-O
8.Bf1d3 b6
9.O-O g6
10.Rf1e1 a6
11.e4 h6
12.a3 g5
13.h3 g4
14.hxg4 Nf6xg4
15.e5 b5
16.a4 b4
17.Nc3e2 Bc8b7
18.Ne2g3 f6
19.Ng3h5 Nc6a7
20.Nf3h4 f5
21.f3 Ra8d8
22.g3 f4
23.fxg4 fxg3
24.Nh4g6 Rf8e8
25.Ng6xe7 Re8xe7
26.Nh5f6 Kg7
 { time }
0-1

[Event "1/16 Finale"]
[Site "www.chess-mail.com"]
[Date "2018.01.10"]
[Round "1"]
[White "Chessington"]
[Black "Bronstein70"]
[WhiteElo "2790"]
[BlackElo "2410"]
[Result "1-0"]
[Round "1"]
1.Ng1f3 f5
2.d3 Ng8f6
3.e4 fxe4
4.dxe4 Nf6xe4
5.Bf1d3 Ne4f6
6.Nf3g5 g6
7.h4 d5
8.h5 Rh8g8
9.Ng5xh7 Bc8f5
10.Bd3xf5 gxf5
11.Nh7xf6 exf6
12.h6 Qd8e7
13.Bc1e3 Qe7f7
14.Nb1c3 Bf8b4
15.Qd1f3 Nb8c6
16.O-O-O Bb4xc3
17.bxc3 O-O-O
18.Qf3xf5 Kb8
19.Kb1 Rg8xg2
20.Rd1g1 Nc6e7
21.Qf5f4 Rg2g6
22.Be3d4 Rg6xg1
23.Rh1xg1 Rd8g8
24.Rg1g3 Rg8xg3
25.fxg3 f5
26.Qf4h4 Qf7e8
27.Qh4h3 c5
28.Bd4e5 Ka8
29.h7 Ne7g6
30.Be5f6 d4
31.Kb2 { resign }
1-0

[Event "1/64 Finale"]
[Site "www.chess-mail.com"]
[Date "2018.01.10"]
[Round "1"]
[White "Piriot"]
[Black "Bojan"]
[WhiteElo "2490"]
[BlackElo "2020"]
[Result "0-1"]
[Round "1"]
1.Ng1f3 Nb8c6
2.e4 e5
3.Bf1c4 h6
4.d4 exd4
5.Nf3xd4 Nc6a5
6.Bc4xf7 Kxf7
7.Qd1h5 g6
8.Qh5xa5 Bf8g7
9.c3 Bg7xd4
10.cxd4 Ng8f6
11.Nb1c3 d6
12.O-O Qd8d7
13.e5 b6
14.Qa5a3 dxe5
15.dxe5 Nf6d5
16.Rf1e1 Qd7e6
17.Bc1d2 Bc8b7
18.Nc3b5 Qe6c6
19.Nb5d4 Qc6c4
20.Qa3f3 Ke7
21.Qf3g4 Ra8g8
22.Nd4f5 gxf5
23.Qg4xc4 c5
24.g3 h5
25.h4 Rg8g4
26.Bd2g5 Ke6
27.Kh2 Rg4xc4
{ resign }
0-1

[Event "1/128 Finale"]
[Site "www.chess-mail.com"]
[Date "2018.01.10"]
[Round "1"]
[White "Rosario"]
[Black "Mitja"]
[WhiteElo "1499"]
[BlackElo "2020"]
[Result "0-1"]
[Round "1"]
1.e4 d5
2.exd5 Qd8xd5
3.Nb1c3 Qd5d8
4.Ng1f3 c6
5.g3 e6
6.a3 h6
7.Bf1g2 Ng8f6
8.h3 Bf8e7
9.O-O O-O
10.d4 Nb8d7
11.Bc1e3 Nd7b6
12.b3 Nb6d5
13.Nc3e2 Nd5xe3
14.fxe3 b6
15.Qd1d3 Bc8b7
16.c4 a5
17.Nf3e5 Qd8c7
18.Ne2f4 Ra8d8
19.g4 Nf6d7
20.Ne5xd7 Qc7xd7
 { time }
0-1

[Event "Tourn. n9642"]
[Site "www.chess-mail.com"]
[Date "2018.01.11"]
[Round "1"]
[White "Dussek"]
[Black "Sahlapalat"]
[WhiteElo "1880"]
[BlackElo "1890"]
[Result "0-1"]
[Round "1"]
1.Ng1f3 c5
2.c4 Ng8f6
3.g3 b6
4.Bf1g2 Bc8b7
5.O-O e6
6.Nb1c3 Bf8e7
7.d4 cxd4
8.Nf3xd4 Bb7xg2
9.Kxg2 O-O
10.e4 Qd8c7
11.Nc3b5 Qc7b7
12.f3 Nb8c6
13.a3 Ra8c8
14.Bc1e3 a6
15.Nb5c3 Nc6xd4
16.Be3xd4 Rc8xc4
17.Ra1c1 Rf8c8
18.e5 Nf6d5
19.b3 Rc4xc3
20.Bd4xc3 Rc8xc3
21.Rc1xc3 Nd5xc3
{ resign }
0-1

[Event "Tourn. n9623"]
[Site "www.chess-mail.com"]
[Date "2018.01.11"]
[Round "1"]
[White "Llcervello"]
[Black "Pachi"]
[WhiteElo "1660"]
[BlackElo "1640"]
[Result "1-0"]
[Round "1"]
1.e4 e5
2.f3 f6
3.Qd1e2 c6
4.c3 d5
5.d3 dxe4
6.Qe2xe4 g6
7.g4 Qd8d6
8.Bc1e3 b5
9.d4 Nb8d7
10.Bf1xb5 Bc8b7
11.Bb5c4 O-O-O
12.Ng1e2 c5
13.d5 Nd7b6
14.Nb1a3 Bb7xd5
15.Bc4xd5 Rd8d7
16.Ra1d1 Qd6c7
17.Na3b5 Qc7b8
18.Bd5e6 Ng8e7
19.Be6xd7 Nb6xd7
20.Nb5d6 Kc7
21.Nd6c4 f5
22.Qe4d3 Qb8d8
23.Qd3d6 Kc8
24.Be3xc5 fxg4
25.Qd6a6 Kb8
26.Qa6xa7 Kc8
27.Nc4d6 { resign }
1-0

[Event "Tourn. n9656"]
[Site "www.chess-mail.com"]
[Date "2018.01.11"]
[Round "1"]
[White "Cal"]
[Black "Hansen"]
[WhiteElo "1680"]
[BlackElo "1520"]
[Result "1-0"]
[Round "1"]
1.d4 d5
2.h3 h6
3.Ng1f3 f6
4.e3 a6
5.a3 e6
6.Nb1c3 b5
7.b4 Nb8c6
8.Bf1d3 g5
9.Bd3g6 Ke7
10.Bc1d2 e5
11.dxe5 fxe5
12.O-O g4
13.Nf3h4 h5
14.Bd2e1 gxh3
15.Qd1f3 Kd6
16.Qf3xd5 Ke7
17.Qd5f7 Kd6
18.Nc3e4 { resign }
1-0

[Event "Tourn. n9659"]
[Site "www.chess-mail.com"]
[Date "2018.01.11"]
[Round "1"]
[White "Malbertan"]
[Black "Falcoale"]
[WhiteElo "1960"]
[BlackElo "1870"]
[Result "0-1"]
[Round "1"]
1.e4 c5
2.Ng1f3 e6
3.d4 cxd4
4.Nf3xd4 Nb8c6
5.Nb1c3 a6
6.Bc1e3 Ng8f6
7.Bf1e2 Bf8e7
8.O-O O-O
9.f4 Nf6e8
10.f5 Ne8f6
11.e5 Nc6xe5
12.fxe6 fxe6
13.Be3f4 Ne5g6
14.Bf4g3 Be7c5
15.Kh1 Ng6e7
16.Nd4b3 Bc5a7
17.Bg3d6 Rf8f7
18.Qd1d2 Ne7d5
19.Nc3xd5 Nf6xd5
20.Rf1xf7 Kxf7
21.Ra1f1 Nd5f6
22.Be2h5 Kg8
23.Qd2g5 b5
24.Rf1f3 Bc8b7
25.Rf3g3 Nf6xh5
26.Qg5xh5 Qd8f6
27.Qh5e2 Ba7b8
28.Bd6xb8 Ra8xb8
29.c3 Bb7d5
30.Nb3d4 Rb8f8
31.h3 Qf6f2
32.Qe2g4 g6
33.h4 Qf2e1
34.Kh2 Rf8f1
{ resign }
0-1

[Event "Tourn. n9648"]
[Site "www.chess-mail.com"]
[Date "2018.01.11"]
[Round "1"]
[White "Numanoid"]
[Black "Jesmantiz"]
[WhiteElo "2420"]
[BlackElo "2210"]
[Result "0-1"]
[Round "1"]
1.b4 f5
2.Bc1b2 d6
3.c4 e5
4.e3 Ng8f6
5.Ng1f3 Bf8e7
6.d4 e4
7.Nf3d2 c6
8.Bf1e2 O-O
9.O-O d5
10.c5 Nb8a6
11.Qd1b3 b6
12.a3 b5
13.Nb1c3 Na6c7
14.a4 a6
15.axb5 axb5
16.Ra1xa8 Nc7xa8
17.Be2xb5 cxb5
18.Nc3xb5 Bc8a6
{ resign }
0-1

[Event "Tourn. n9675"]
[Site "www.chess-mail.com"]
[Date "2018.01.11"]
[Round "1"]
[White "Dussek"]
[Black "Falcoale"]
[WhiteElo "1840"]
[BlackElo "1910"]
[Result "0-1"]
[Round "1"]
1.e4 c5
2.c3 Nb8c6
3.d4 cxd4
4.Bf1c4 e5
5.Ng1f3 Bf8c5
6.O-O Ng8f6
7.Bc1g5 O-O
8.cxd4 exd4
9.e5 h6
10.exf6 hxg5
11.fxg7 Kxg7
12.Nb1d2 a6
13.Nd2e4 Bc5a7
14.Nf3xg5 f6
15.Ng5f3 d5
16.Bc4d3 dxe4
17.Bd3xe4 f5
18.Be4d5 Qd8xd5
19.b3 Bc8d7
20.Qd1d2 Qd5d6
21.Rf1e1 Ra8e8
22.Qd2g5 Qd6g6
23.Qg5f4 Re8xe1
24.Ra1xe1 Rf8e8
25.Re1d1 Ba7b8
26.Qf4g5 Qg6xg5
27.Nf3xg5 Kg6
{ resign }
0-1

[Event "Tourn. n9639"]
[Site "www.chess-mail.com"]
[Date "2018.01.11"]
[Round "1"]
[White "Rosario"]
[Black "Hansen"]
[WhiteElo "1499"]
[BlackElo "1510"]
[Result "0-1"]
[Round "1"]
1.e4 e5
2.Ng1f3 Bf8d6
3.g3 Ng8f6
4.d3 h6
5.Bf1g2 Nb8c6
6.O-O Nf6g4
7.Bc1d2 Qd8f6
8.h3 Ng4xf2
9.Rf1xf2 g5
10.Nb1c3 Bd6c5
11.d4 Bc5b6
12.a3 g4
13.hxg4 Bb6xd4
14.Nf3xd4 exd4
15.Rf2xf6 dxc3
16.Bd2xc3 Rh8g8
17.Rf6xh6 d6
18.Qd1f3 a5
 { time }
0-1

[Event "Match"]
[Site "www.echecsemail.com"]
[Date "2018.01.11"]
[Round "1"]
[White "Ranjachess"]
[Black "Rindrandria"]
[WhiteElo "1810"]
[BlackElo "1820"]
[Result "1-0"]
[Round "1"]
1.Nb1c3 d5
2.d4 Bc8e6
3.e4 dxe4
4.Nc3xe4 f5
5.Ne4c5 Qd8c8
6.Qd1f3 c6
7.Nc5xe6 Qc8xe6
8.Bc1e3 g5
9.b3 f4
10.Bf1c4 Qe6d6
11.Be3d2 Qd6xd4
12.Bd2c3 g4
13.Qf3d3 Qd4b6
14.O-O-O Ng8f6
15.Ng1f3 gxf3
16.Bc3xf6 fxg2
17.Rh1e1 g1Q
18.Re1xg1 exf6
19.Qd3e2 Bf8e7
20.Qe2h5 Kf8
21.Qh5f7 
1-0

[Event "Match"]
[Site "www.echecsemail.com"]
[Date "2018.01.11"]
[Round "1"]
[White "Karlgrocer"]
[Black "Juodivarnai"]
[WhiteElo "2040"]
[BlackElo "2040"]
[Result "1-0"]
[Round "1"]
1.d4 d5
2.Ng1f3 Ng8f6
3.e3 c5
4.dxc5 Qd8a5
5.c3 Qa5xc5
6.Bf1e2 e6
7.O-O Bf8e7
8.a3 Nb8c6
9.b4 Qc5b6
10.Bc1b2 O-O
11.Nb1d2 a5
12.b5 Nc6a7
13.a4 Bc8d7
14.Nf3e5 Na7c8
15.c4 Nc8d6
16.Ra1c1 dxc4
17.Ne5xc4 Nd6xc4
18.Nd2xc4 Qb6d8
19.Be2f3 Ra8b8
20.Bb2d4 b6
21.Nc4e5 Nf6d5
22.Bf3xd5 exd5
23.Qd1b3 Bd7e6
24.Ne5c6 Qd8d7
25.Nc6xb8 Rf8xb8
26.Qb3b2 f6
27.Rc1c6 Be7d8
28.Rf1c1 Qd7e7
29.Rc1c2 Be6d7
30.Rc6c3 Bd7e6
31.h3 Qe7d7
32.Rc3c6 Qd7e7
33.Qb2b3 Be6d7
34.Rc6c3 Bd7e6
35.Qb3a3 Qe7f7
36.Qa3d6 Rb8a8
37.Bd4xb6 Bd8xb6
38.Qd6xb6 h6
39.Rc3c7 Qf7e8
40.Qb6d6 Ra8d8
41.Qd6b6 Rd8a8
42.Rc2c6 Be6d7
43.Rc6d6 Bd7f5
44.Rd6xd5 Bf5e4
45.Rd5d7 Qe8g6
46.Rd7xg7 Qg6xg7
47.Rc7xg7 Kxg7
48.Qb6c7  { time }
1-0

[Event "Match"]
[Site "www.echecsemail.com"]
[Date "2018.01.11"]
[Round "1"]
[White "Juodivarnai"]
[Black "Llord"]
[WhiteElo "1980"]
[BlackElo "1960"]
[Result "0-1"]
[Round "1"]
1.e4 e5
2.Ng1f3 Nb8c6
3.Bf1b5 d6
4.d4 Bc8d7
5.Nb1c3 a6
6.Bb5xc6 Bd7xc6
7.dxe5 dxe5
8.Qd1xd8 Ra8xd8
9.Nf3xe5 Bf8d6
10.Ne5xc6 bxc6
11.O-O Ng8e7
12.Rf1e1 O-O
13.Bc1e3 Ne7g6
14.Ra1d1 Ng6e5
15.b3 Bd6b4
16.Be3d2 Rd8xd2
17.f4 Bb4xc3
18.fxe5 Rd2xd1
19.Re1xd1 Bc3xe5
20.c4 g6
 { time }
0-1

[Event "1/128 Finale"]
[Site "www.chess-mail.com"]
[Date "2018.01.11"]
[Round "1"]
[White "Hennie4820"]
[Black "Odin"]
[WhiteElo "2080"]
[BlackElo "1890"]
[Result "0-1"]
[Round "1"]
1.e4 e5
2.Ng1f3 d6
3.Bf1c4 h6
4.d4 Bc8g4
5.dxe5 Nb8c6
6.exd6 Qd8xd6
7.Qd1xd6 Bf8xd6
8.Nb1d2 Nc6b4
9.Bc4b3 a5
10.a3 Nb4c6
11.h3 Bg4d7
12.O-O g5
13.Nd2c4 Bd6e7
14.Bc1d2 a4
15.Bb3a2 b5
16.Bd2c3 Rh8h7
17.Nc4e5 Be7f6
18.Rf1e1 Ra8b8
19.Ra1d1 Bf6xe5
20.Nf3xe5 Nc6xe5
21.Bc3xe5 Rb8c8
22.Ba2d5 Ng8e7
23.Bd5a2 g4
24.h4 h5
25.g3 c5
26.Rd1d6 Ne7c6
27.Be5f4 Nc6d4
28.Re1c1 Nd4e2
29.Kf1 Ne2xc1
30.Bf4xc1 b4
31.axb4 cxb4
32.Bc1d2 Rc8xc2
33.Ke1 Rc2xb2
{ resign }
0-1

[Event "Tourn. n9631"]
[Site "www.chess-mail.com"]
[Date "2018.01.12"]
[Round "1"]
[White "Picifarkinca"]
[Black "Cal"]
[WhiteElo "1620"]
[BlackElo "1680"]
[Result "1-0"]
[Round "1"]
1.Ng1f3 d5
2.c4 dxc4
3.e3 b5
4.a4 c6
5.axb5 cxb5
6.Nb1c3 h6
7.Nc3xb5 Bc8d7
8.Bf1xc4 Nb8c6
9.d4 e6
10.O-O a6
11.Nb5c3 Bf8b4
12.Bc1d2 Ng8f6
13.Rf1e1 O-O
14.e4 a5
15.d5 exd5
16.Nc3xd5 Bb4c5
17.Nd5xf6 Qd8xf6
18.Bd2c3 Bd7g4
19.Bc3xf6 gxf6
20.Qd1d5 Nc6b4
21.Qd5xc5 Nb4c2
22.Bc4xf7 Rf8xf7
23.Qc5xc2 Rf7g7
24.Nf3d4 Ra8d8
25.Nd4f5 Rg7g5
26.Nf5xh6 Kg7
27.Nh6xg4 Rg5xg4
28.Ra1xa5 Rd8d4
29.e5 Rg4g6
30.e6 f5
31.Qc2c3 Rg6xe6
32.Qc3xd4 Kf7
33.Ra5a7 { resign }
1-0

[Event "Tourn. n9491"]
[Site "www.chess-mail.com"]
[Date "2018.01.12"]
[Round "1"]
[White "Luizassis"]
[Black "Mystakerchon"]
[WhiteElo "1210"]
[BlackElo "1090"]
[Result "1-0"]
[Round "1"]
1.e4 c5
2.Bf1c4 Ng8f6
3.Nb1c3 d6
4.Ng1f3 Nb8c6
5.O-O e5
6.d3 Bc8g4
7.Bc1g5 Bf8e7
8.Qd1e2 O-O
9.Bg5xf6 Be7xf6
10.Rf1e1 Bg4xf3
11.Qe2xf3 Nc6d4
12.Qf3d1 a6
13.Qd1d2 Bf6g5
14.Qd2d1 b5
15.Bc4d5 Ra8c8
16.Bd5b7 Rc8b8
17.Bb7xa6 h6
18.g3 Qd8e7
19.h4 Bg5f6
20.Ra1c1 Rb8b6
21.Nc3d5 Qe7a7
22.c3 Rb6xa6
23.a3 Nd4c6
24.Qd1b3 Ra6a5
25.Nd5xf6 gxf6
26.Qb3d5 Qa7d7
27.c4 Nc6e7
28.Qd5xd6 Qd7xd6
29.Kg2 Qd6xd3
30.Rc1c3 Qd3d7
31.Re1e3 f5
32.b4 cxb4
33.axb4 Ra5a8
34.cxb5 Qd7xb5
35.Rc3c7 Qb5xb4
36.exf5 Ne7d5
37.Rc7c6 Nd5xe3
38.Kf3 Qb4b7
39.fxe3 Qb7xc6
40.e4 Ra8a3
41.Kg4 Kh8
42.Kh5 Qc6xe4
43.g4  { time }
1-0

[Event "Tourn. n9659"]
[Site "www.chess-mail.com"]
[Date "2018.01.12"]
[Round "1"]
[White "Malbertan"]
[Black "Cereus"]
[WhiteElo "1960"]
[BlackElo "1809"]
[Result "0-1"]
[Round "1"]
1.e4 c5
2.Ng1f3 d6
3.d4 cxd4
4.Qd1xd4 Nb8c6
5.Bf1b5 Bc8d7
6.Bb5xc6 Bd7xc6
7.Nb1c3 Ng8f6
8.Bc1g5 e6
9.O-O-O Bf8e7
10.Bg5xf6 Be7xf6
11.Qd4e3 O-O
12.e5 Bc6xf3
13.Rd1xd6 Bf6g5
14.Rd6xd8 Bg5xe3
15.fxe3 Ra8xd8
16.gxf3 f6
17.exf6 Rf8xf6
18.f4 Rf6g6
19.Nc3e4 Rg6g2
20.h4 Rg2e2
21.Ne4c5 Rd8d2
{ resign }
0-1

[Event "Tourn. n9669"]
[Site "www.chess-mail.com"]
[Date "2018.01.12"]
[Round "1"]
[White "Fantomas"]
[Black "Orhany24"]
[WhiteElo "2210"]
[BlackElo "2110"]
[Result "1-0"]
[Round "1"]
1.e4 e5
2.Ng1f3 Nb8c6
3.d4 exd4
4.Nf3xd4 Bf8c5
5.Bc1e3 d6
6.Nd4xc6 bxc6
7.Be3xc5 dxc5
8.Qd1xd8 Kxd8
9.Bf1c4 Ke7
10.Nb1c3 Bc8e6
11.Bc4xe6 Kxe6
12.Nc3a4 Ng8f6
13.O-O-O Rh8d8
14.Na4xc5 Ke7
15.f3 a5
16.Rd1xd8 Ra8xd8
17.Rh1d1 Rd8xd1
18.Kxd1 Nf6d7
19.Nc5xd7 Kxd7
20.c4 c5
21.Kc2 Kd6
22.Kb3 Kc6
23.e5 { resign }
1-0

[Event "Tourn. n9664"]
[Site "www.chess-mail.com"]
[Date "2018.01.12"]
[Round "1"]
[White "Fantomas"]
[Black "Bigrezi"]
[WhiteElo "2210"]
[BlackElo "2250"]
[Result "1-0"]
[Round "1"]
1.e4 e5
2.Ng1f3 Nb8c6
3.Bf1b5 Ng8f6
4.Nb1c3 d6
5.d4 exd4
6.Nf3xd4 Bc8d7
7.Nd4xc6 bxc6
8.Bb5a4 Bf8e7
9.Ba4b3 O-O
10.O-O Ra8b8
11.f3 c5
12.Nc3d5 Nf6xd5
13.exd5 Rf8e8
14.Ra1b1 Be7f6
15.c4 Bf6e5
16.f4 Be5d4
17.Kh1 Qd8c8
18.Bb3c2 Bd7g4
19.Qd1d2 Re8e2
20.Qd2d3 g6
21.h3 Bg4xh3
22.Qd3xe2 Bh3g4
23.Qe2d2 Qc8d8
24.Qd2e1 Qd8f6
25.b3 Bg4f5
26.Bc2xf5 Qf6xf5
27.Bc1e3 Rb8e8
28.Rf1f3 Bd4xe3
29.Rb1b2 Re8e4
30.Rb2e2 a6
31.Re2xe3 Re4xe3
32.Qe1xe3 Kf8
33.Rf3f2 Qf5f6
34.g3 h5
35.Rf2e2 h4
36.Kg2 hxg3
37.Kxg3 { resign }
1-0

[Event "Tourn. n9635"]
[Site "www.chess-mail.com"]
[Date "2018.01.12"]
[Round "1"]
[White "Attatroll"]
[Black "Claymil"]
[WhiteElo "1970"]
[BlackElo "2070"]
[Result "1/2-1/2"]
[Round "1"]
1.e4 c5
2.Ng1f3 Nb8c6
3.Bf1b5 g6
4.O-O Bf8g7
5.Nb1c3 e6
6.d3 Ng8e7
7.Bc1g5 f6
8.Bg5h4 O-O
9.a3 d5
10.exd5 Ne7xd5
11.Nc3xd5 Qd8xd5
12.Bb5c4 Qd5d6
13.Bh4g3 Qd6e7
14.Rf1e1 Rf8d8
15.Bc4a2 b6
16.Qd1d2 Kh8
17.Qd2f4 e5
18.Qf4c4 Nc6a5
19.Qc4h4 Na5c6
20.Ra1d1 Bc8e6
21.Ba2xe6 Qe7xe6
22.Nf3d2 Nc6d4
23.f4 Nd4xc2
24.Re1e2 Rd8xd3
25.fxe5 Ra8d8
26.exf6 Qe6xe2
27.fxg7 Kxg7
28.Bg3f4 Qe2xd1
29.Nd2f1 Rd8d7
30.Bf4e5 Kg8
31.Qh4f6 Nc2e3
32.Qf6h8 Kf7
33.Qh8f6 Ke8
34.Qf6h8 Ke7
35.Qh8f6 Ke8
36.Qf6h8 { draw }
1/2-1/2

[Event "Tourn. n9657"]
[Site "www.chess-mail.com"]
[Date "2018.01.12"]
[Round "1"]
[White "Julian"]
[Black "Aljekiene"]
[WhiteElo "1690"]
[BlackElo "1919"]
[Result "0-1"]
[Round "1"]
1.e4 c5
2.Ng1f3 d6
3.Bf1c4 Nb8c6
4.c3 Ng8f6
5.e5 Nc6xe5
6.Nf3xe5 dxe5
7.O-O Qd8c7
8.Bc4b5 Bc8d7
9.Bb5xd7 Qc7xd7
10.d4 exd4
11.cxd4 e6
12.dxc5 Qd7xd1
13.Rf1xd1 Bf8xc5
14.Nb1c3 O-O
15.Bc1g5 Rf8d8
16.Bg5xf6 gxf6
17.Nc3e4 Bc5e7
18.Rd1xd8 Ra8xd8
19.Ra1c1 f5
20.Ne4c5 Be7xc5
{ resign }
0-1

[Event "Tourn. n9674"]
[Site "www.chess-mail.com"]
[Date "2018.01.12"]
[Round "1"]
[White "Orhany24"]
[Black "Fantomas"]
[WhiteElo "2110"]
[BlackElo "2220"]
[Result "0-1"]
[Round "1"]
1.e4 e5
2.Ng1f3 d6
3.d4 exd4
4.Nf3xd4 Bf8e7
5.Bf1d3 Be7f6
6.Nd4e2 Ng8e7
7.c4 Nb8c6
8.Nb1c3 Nc6e5
9.O-O Ne5xd3
10.Qd1xd3 O-O
11.Nc3d5 Ne7xd5
12.exd5 h6
13.Ra1b1 Rf8e8
14.Bc1e3 Bc8g4
15.h3 Bg4d7
16.b4 Qd8c8
17.Kh2 Bd7f5
18.Qd3d2 Bf5xb1
19.Rf1xb1 Qc8f5
20.Ne2g3 Qf5xb1
{ resign }
0-1

[Event "Match"]
[Site "www.echecsemail.com"]
[Date "2018.01.12"]
[Round "1"]
[White "Izastar"]
[Black "Iko"]
[WhiteElo "1249"]
[BlackElo "1650"]
[Result "1-0"]
[Round "1"]
1.c4 e5
2.g3 e4
3.Nb1c3 f5
4.Bf1g2 Nb8c6
5.f3 exf3
6.Ng1xf3 g5
7.Qd1c2 g4
8.Nf3h4 f4
9.Qc2e4 Bf8e7
10.Nc3d5 fxg3
11.hxg3 Kf8
12.Rh1f1 Ke8
13.Nh4f5 d6
14.Nf5g7 Kd7
15.Qe4e6 
1-0

[Event "Match"]
[Site "www.echecsemail.com"]
[Date "2018.01.12"]
[Round "1"]
[White "Apdash"]
[Black "Pinehill"]
[WhiteElo "2290"]
[BlackElo "2040"]
[Result "1-0"]
[Round "1"]
1.e4 d5
2.exd5 Ng8f6
3.Ng1f3 Qd8xd5
4.Bf1e2 Nb8c6
5.c4 Qd5d6
6.d4 Bc8f5
7.O-O O-O-O
8.d5 Nc6e5
9.Nf3d4 Bf5xb1
10.Ra1xb1 e6
11.Nd4b5 Qd6d7
12.Nb5xa7 Kb8
13.Bc1e3 exd5
14.cxd5 Nf6xd5
15.Na7b5 c6
16.Nb5d4 Nd5xe3
17.fxe3 f6
18.Qd1b3 Bf8d6
19.Rb1c1 Kc8
20.Rf1d1 Rh8e8
21.Qb3b6 Kb8
22.Rc1c3 Qd7c7
23.Qb6b3 h5
24.Nd4e6 Re8xe6
25.Qb3xe6 h4
26.a4 Ne5f7
27.h3 Nf7g5
28.Qe6g4 Bd6h2
29.Kh1 Rd8xd1
30.Be2xd1 Bh2g3
31.Rc3d3 Qc7e5
32.Qg4d4 Qe5xd4
33.exd4 Ng5e4
34.Kg1 Ne4f2
35.Rd3d2 Kc7
36.Rd2xf2 { resign }
1-0

[Event "Match"]
[Site "www.echecsemail.com"]
[Date "2018.01.12"]
[Round "1"]
[White "Lcbunghai"]
[Black "Whitekknight"]
[WhiteElo "2020"]
[BlackElo "1970"]
[Result "1-0"]
[Round "1"]
1.d4 d5
2.c4 e5
3.dxe5 d4
4.e3 Bf8b4
5.Bc1d2 dxe3
6.fxe3 Bb4xd2
7.Nb1xd2 Qd8g5
8.Qd1f3 Qg5xe5
9.Ra1b1 Nb8c6
10.Qf3f4 Qe5xf4
11.exf4 Ng8f6
12.Ng1f3 Bc8f5
13.Rb1c1 O-O-O
14.a3 Rh8e8
15.Kf2 Nf6g4
16.Kg1 Ng4f6
17.h3 a6
18.g4 Bf5e4
19.Nd2xe4 Nf6xe4
20.Rh1h2 Nc6d4
21.Nf3xd4 Rd8xd4
22.Rh2e2 Kd8
23.Bf1g2 Ne4d6
24.Re2xe8 Kxe8
25.c5 Nd6b5
26.Bg2xb7 a5
27.Bb7c6 Kd8
28.Bc6xb5 Rd4xf4
29.Rc1e1 Rf4f3
30.Re1e8 { resign }
1-0

[Event "1/128 Finale"]
[Site "www.chess-mail.com"]
[Date "2018.01.12"]
[Round "1"]
[White "Bluetealeaf"]
[Black "Attatroll"]
[WhiteElo "1620"]
[BlackElo "1980"]
[Result "0-1"]
[Round "1"]
1.e4 d6
2.Qd1f3 Ng8f6
3.Bf1c4 Bc8g4
4.Qf3g3 e5
5.d3 Bf8e7
6.h3 Bg4h5
7.Ng1f3 Bh5g6
8.Bc1e3 O-O
9.Nb1d2 Nb8c6
10.c3 a6
11.O-O-O Nf6h5
12.Qg3h2 b5
13.Bc4d5 Qd8d7
14.g4 Nh5f6
15.g5 Nf6h5
16.Rd1g1 Ra8b8
17.h4 b4
18.Kc2 bxc3
19.Kxc3 Nc6b4
20.a3 Nb4xd5
21.Kc2 Nd5xe3
22.fxe3 Qd7c6
23.Kb1 Rb8b5
24.Rg1c1 Qc6b6
25.Nd2c4 Qb6b7
26.Rc1c2 Bg6xe4
27.dxe4 Qb7xe4
28.Nc4d2 Qe4xe3
29.Rh1e1 Qe3xa3
30.Nd2c4 Qa3xf3
31.Nc4a3 Qf3xa3
32.Rc2c3 Qa3xc3
33.Re1c1 Qc3d3
34.Rc1c2 Rf8b8
35.Kc1 Rb5xb2
36.Rc2xb2 Rb8xb2
37.Qh2xb2 Qd3f1
38.Kc2 Qf1f2
39.Kb1 Qf2xb2
40.Kxb2 e4
41.Kc1 a5
{ resign }
0-1

[Event "Tourn. n9658"]
[Site "www.chess-mail.com"]
[Date "2018.01.13"]
[Round "1"]
[White "Pangloss"]
[Black "Bronstein70"]
[WhiteElo "2389"]
[BlackElo "2420"]
[Result "0-1"]
[Round "1"]
1.d4 f5
2.e4 fxe4
3.Nb1c3 Ng8f6
4.f3 exf3
5.Ng1xf3 d5
6.Bf1d3 g6
7.Nf3e5 Bf8g7
8.Ne5xg6 Bc8g4
9.Bd3b5 c6
 { time }
0-1

[Event "Tourn. n9675"]
[Site "www.chess-mail.com"]
[Date "2018.01.13"]
[Round "1"]
[White "Andychesston"]
[Black "Dussek"]
[WhiteElo "1990"]
[BlackElo "1840"]
[Result "0-1"]
[Round "1"]
1.e4 c5
2.Ng1f3 d6
3.d4 cxd4
4.Nf3xd4 Ng8f6
5.Nb1c3 a6
6.Bf1d3 Bc8d7
7.Bc1e3 e6
8.O-O Bf8e7
9.Qd1d2 Nb8c6
 { time }
0-1

[Event "Tourn. n9611"]
[Site "www.chess-mail.com"]
[Date "2018.01.13"]
[Round "1"]
[White "Madz123456"]
[Black "Julian"]
[WhiteElo "1670"]
[BlackElo "1630"]
[Result "0-1"]
[Round "1"]
1.d4 d5
2.c4 e6
3.Ng1f3 Ng8f6
4.Nb1c3 Bf8e7
5.cxd5 exd5
6.Bc1f4 O-O
7.e3 Bc8g4
8.h3 Bg4f5
9.Qd1b3 Qd8c8
10.Bf1e2 c6
11.g4 Bf5g6
12.Ra1c1 Nb8d7
13.g5 Nf6e4
14.Nc3xd5 Qc8d8
15.Nd5xe7 Qd8xe7
16.Qb3xb7 a5
 { time }
0-1

[Event "Tourn. n9611"]
[Site "www.chess-mail.com"]
[Date "2018.01.13"]
[Round "1"]
[White "Bluetealeaf"]
[Black "Julian"]
[WhiteElo "1620"]
[BlackElo "1630"]
[Result "0-1"]
[Round "1"]
1.e4 e5
2.Ng1f3 Nb8c6
3.c3 Ng8f6
4.Qd1e2 Bf8c5
5.b4 Bc5b6
6.Bc1a3 d6
7.d3 Bc8e6
8.Nb1d2 O-O
9.Nf3h4 Rf8e8
10.g3 d5
11.Bf1g2 a5
12.b5 Nc6e7
13.exd5 Ne7xd5
14.Qe2xe5 Be6h3
15.Nd2f3 Re8xe5
16.Nf3xe5 Bh3xg2
17.Nh4xg2 Nd5xc3
18.O-O Nc3xb5
19.Ba3b2 Bb6d4
20.Bb2xd4 Nb5xd4
21.f3 Qd8d5
22.Ra1e1 Ra8e8
23.f4 c5
24.Ne5g4 Re8xe1
25.Ng2xe1 Nf6xg4
26.h3 Ng4e3
27.Rf1f2 f5
28.h4 g6
29.Ne1f3 Nd4xf3
30.Kh1 Nf3xh4
31.Kh2 Ne3g4
{ resign }
0-1

[Event "Tourn. n9646"]
[Site "www.chess-mail.com"]
[Date "2018.01.13"]
[Round "1"]
[White "Vios"]
[Black "Joaodelisboa"]
[WhiteElo "2270"]
[BlackElo "2170"]
[Result "1-0"]
[Round "1"]
1.d4 Ng8f6
2.Ng1f3 e6
3.Bc1g5 d5
4.c4 dxc4
5.Qd1a4 Bc8d7
6.Qa4xc4 Bf8e7
7.Nb1c3 Nb8c6
8.e3 O-O
9.Bf1e2 a6
10.O-O Nc6a5
11.Qc4d3 h6
12.Bg5h4 Nf6d5
13.Bh4g3 Nd5xc3
14.Qd3xc3 Na5c6
15.Rf1d1 Qd8c8
16.Ra1c1 Be7b4
17.Qc3b3 Bb4a5
18.Nf3d2 Ba5b6
19.Nd2c4 Nc6a5
20.Nc4xb6 Na5xb3
21.Nb6xc8 Nb3xc1
22.Nc8e7 Kh8
23.Rd1xc1 c6
24.e4 Rf8e8
25.Bg3d6 Kh7
26.e5 Ra8a7
27.Rc1c3 Kh8
28.Rc3f3 { resign }
1-0